|
|
|
|
| LEADER |
00000nam a22000007a 4500 |
| 005 |
20190801021245.0 |
| 007 |
cr|||| |||| |
| 008 |
190801s2019 br |||||s|||| 00||0 por d |
| 020 |
|
|
|a 978-85-7789-437-6
|
| 035 |
|
|
|a 23857
|
| 040 |
|
|
|a vLex
|
| 090 |
|
|
|c 9093
|d 9093
|
| 100 |
1 |
|
|a Jacon Matias, Arthur Još
|
| 245 |
1 |
0 |
|a Precedentes
|h [Recurso electrn̤ico] :
|b Fundamentos, elementos e aplicaȯ̂ /
|c Arthur Jos ̌Jacon Matias
|
| 256 |
|
|
|a Servicio en ln̕ea
|
| 260 |
|
|
|a San Pablo:
|b JH Mizuno,
|c 2019
|
| 300 |
|
|
|a 1 recurso electrn̤ico
|
| 500 |
|
|
|a "Este livro tem por escopo examinar o papel dos precedentes judiciais no ordenamento jurd̕ico e tambm̌ as funė̳s exercidas por eles no ḿbito do sistema normativo brasileiro. Com isso, mostrou-se necessr̀io perscrutar os sistemas jurd̕icos predominantes no mundo ocidental para inferir qual a importńcia que os precedentes judiciais tm̊ em cada um deles. Feita essa anl̀ise, a investigaȯ̂ voltou-se ao exame da compatibilidade dos precedentes, enquanto normas jurd̕icas no contexto do tecido constitucional brasileiro, nomeadamente sua conformidade com os princp̕ios da separaȯ̂ dos poderes e da legalidade. A partir da,̕ examinou-se cada uma das espčies de precedentes judiciais que, no ḿago do sistema processual brasileiro, possuem forȧ vinculante. No tp̤ico sequente, inquiriu-se a responsabilidade dos juz̕es na hipt̤ese de descumprimento dos precedentes. Completou-se o trabalho com o estudo de um caso emblemt̀ico julgado pelo Supremo Tribunal Federal, para o fim de descobrir se a Corte Constitucional brasileira tem se ajustado a contento a essa realidade normativa dentro da qual os precedentes desempenham funȯ̂ capital."
|
| 506 |
1 |
|
|a Disponible solo en los productos indicados
|d vLex Global
|d vLex Global (Academic Edition, excluding Law Schools)
|d vLex Global (U.S. Academic Edition, Law Schools)
|d vLex Global (U.S. Academic Edition, excluding Law Schools)
|d vLex Global (Academic Edition, Law Schools)
|
| 650 |
0 |
4 |
|a Derecho Civil
|z Brasil
|
| 650 |
0 |
4 |
|a Procedimiento Civil
|z Brasil
|
| 740 |
0 |
|
|a vLex Libros (Servicio en ln̕ea)
|
| 856 |
4 |
0 |
|u http://vlex.com/source/precedentes-fundamentos-elementos-e-aplica-o-23857
|z Acceso restringido
|
| 942 |
|
|
|c BOOK
|
| 999 |
0 |
|
|a Civil Law
|
| 999 |
0 |
|
|a Civil Procedure
|